| 000 | 00551nam a2200169Ia 4500 | ||
|---|---|---|---|
| 003 | GCL | ||
| 008 | 140319s9999 xx 000 0 ara d | ||
| 040 |
_aGCL / _cGCL |
||
| 082 | 0 | 4 |
_a811.09 _bع ر |
| 100 | 1 | _aعبدالفتاح الطاهر الخطيب | |
| 245 | 1 | 0 |
_aرؤى شعرية / _cعبدالفتاح الطاهر الخطيب |
| 260 |
_a[S.N] : _bد. ن ، _c2006 |
||
| 300 |
_a81 ص ؛ _c24 سم |
||
| 650 | 0 | 4 | _aالشعر العربى - مجموعات |
| 650 | 0 | 4 | _aالشعر العربى - قصائد ودواوين |
| 942 |
_2ddc _cBK |
||
| 999 |
_c9013 _d9013 |
||